| 000 | 00895nam a2200253 i 4500 | ||
|---|---|---|---|
| 001 | 124675 | ||
| 003 | ES-MaACL | ||
| 005 | 20230906192454.0 | ||
| 007 | t| | ||
| 008 | 070417s1924 sp ||||1| spa d | ||
| 080 | _a850-23"18" | ||
| 100 | 1 |
_aCapuana, Luis. _934913 |
|
| 245 | 1 | 0 |
_aPasa el lobo _b: drama de costumbres sicilianas en tres actos / _coriginal de Luis Capuana ; versión castellana de Luís Gabaldón y Enrique F. Gutiérrez-Roig. |
| 260 |
_a[Madrid : _bLa Novela Teatral, _c1924] |
||
| 300 |
_a12 h. ; _c20 cm. |
||
| 490 | 1 |
_ala novela teatral ; _v381 |
|
| 500 | _aEn la cub. caricatura de Carmen Sanz por Tovar. | ||
| 700 | 1 |
_aGabaldón, Luis. _953114 |
|
| 700 | 1 |
_aGutiérrez-Roig, Enrique F. _961218 |
|
| 700 | 0 |
_aTovar _c, ilustrador. _9157378 |
|
| 830 | 0 |
_ala novela teatral ; _v381 _9122427 |
|
| 852 |
_aES-MaACL _j2216-F-35 _bR.138809 |
||
| 999 |
_c124675 _d124675 |
||